Statistics for Colonial Empires by Countries

Click here to take the quiz!

General Stats

  • This quiz has been taken 117 times
  • The average score is 14 of 20

Answer Stats

Modern-Day CountriesColonial Empires% Correct
Australia, Canada, IndiaBritish Empire
100%
Indonesia, South Africa, SurinameDutch Empire
98%
Algeria, Madagascar, VietnamFrench Empire
97%
Angola, Brazil, MozambiquePortuguese Empire
95%
Cameroon, China (Qingdao), TanzaniaGerman Empire
93%
Colombia, Mexico, PhilippinesSpanish Empire
93%
Cuba, Liberia, Philippines,United States
89%
China (Tianjin), D.R. Congo, RwandaBelgian Empire
88%
Belarus, Kazakhstan, United States (Alaska)Russian Empire
88%
Albania, Ethiopia, LibyaItalian Empire
86%
Indonesia, Singapore, South KoreaJapanese Empire
85%
Finland, France (Saint Barthélemy, etc), GhanaSwedish Empire
75%
Estonia, Ghana, United States (Virgin Islands)Danish Empire
74%
Bulgaria, Egypt, Indonesia (Aceh)Ottoman Empire
74%
China (Tianjin), Malaysia, Mozambique (Maputo)Austria-Hungary
59%
Canada (Nova Scotia), United States (New Jersey)Scotland
31%
Kenya (Mombasa), Pakistan (Gwadar), Tanzania (Zanzibar)Omani Empire
26%
France (Saint Martin), Saint Kitts and Nevis, United States (Saint Croix)Malta (Knights Hospitaller)
18%
Benin, Mauritania, United Kingdom (British Virgin Islands)Brandenburg-Prussia
15%
ArgentinaWales
11%

Score Distribution

Percentile by Number Answered

Percent of People with Each Score

Your Score History

You have not taken this quiz